000 00239nam a2200097Ia 4500
008 240331s9999 xx 000 0 und d
082 _bPEA
100 _aBanerjee, S. ed
245 0 _aPeace and developmentHaksar memorial volume iv
942 _cL
999 _c1397
_d1397